| 000 | 00748cab a2200253 4500 | ||
|---|---|---|---|
| 001 | ABS67499 | ||
| 008 | 040218n2004 000 0 eng u | ||
| 035 | _a(Sirsi) u125185 | ||
| 245 | _aFocus 2004: Kent | ||
| 260 | _c2004 | ||
| 490 |
_aEstates Gazette _v (0406) 7 February 2004, 85-103 (11) |
||
| 590 | _aABS | ||
| 650 | _aPROPERTY-COMMERCIAL PROPERTY-RETAIL PROPERTY | ||
| 650 | _aKENT | ||
| 650 | _aMAIDSTONE | ||
| 650 | _aCANTERBURY | ||
| 650 | _aCHANNEL TUNNEL RAIL LINK | ||
| 650 | _aPROPERTY-COMMERCIAL PROPERTY-RETAIL PROPERTY-RETAIL PROPERTY MARKET | ||
| 650 | _aSHOPPING CENTRES | ||
| 650 | _aMEDWAY TOWNS | ||
| 650 | _aBUSINESS PARKS | ||
| 690 | _aPROPERTY-COMMERCIAL PROPERTY-COMMERCIAL PROPERTY MARKET | ||
| 942 | _n0 | ||
| 999 |
_c74155 _d74155 |
||